Quốc hội nước Cộng hoà xã hội chủ nghĩa Việt Nam, Một cuốn sách quý /

Wedi'i Gadw mewn:
Manylion Llyfryddiaeth
Prif Awdur: Thành Dương.
Fformat: Erthygl
Iaith:Vietnamese
Pynciau:
Tagiau: Ychwanegu Tag
Dim Tagiau, Byddwch y cyntaf i dagio'r cofnod hwn!
Thư viện lưu trữ: Thư viện Trường Đại học Đà Lạt
LEADER 00781nam a2200253 4500
001 DLU090077556
005 ##20090220
040 # # |a DLU  |b vie 
041 # # |a vie 
044 # # |a vn 
100 # # |a Thành Dương. 
245 # # |a Quốc hội nước Cộng hoà xã hội chủ nghĩa Việt Nam, Một cuốn sách quý /  |c Thành Dương. 
653 # # |a Nước Cộng hoà Xã hội Chủ nghĩa Việt Nam 
653 # # |a Quốc hội 
773 # # |t Lịch sử Đảng  |g Số 3(76), 1997, tr. 61-62 
920 # # |a Phòng Tạp chí -- Trung tâm Thông tin - Thư viện Trường Đại học Đà Lạt 
994 # # |a DLU 
900 # # |a True 
911 # # |a Nguyễn Thị Tưởng 
925 # # |a G 
926 # # |a A 
927 # # |a BB 
980 # # |a Thư viện Trường Đại học Đà Lạt